| 000 | 01259nam a2200265Ia 4500 | ||
|---|---|---|---|
| 001 | 23825 | ||
| 003 | GE_BSU | ||
| 008 | 181216s||||||||xx |||||||||||||| ||und|| | ||
| 020 | _a99940-13-33-5 | ||
| 040 | _cGE_BSU | ||
| 080 | _a94(479.22)".../05 | ||
| 100 | _aჯაფარიძე, ოთარ | ||
| 245 | _aსაქართველოს ისტორიის სათავეებთან: პირველყოფილი ეპოქა | ||
| 245 | _cრედ. დ. მუსხელიშვილი. მხატვ. გ. ჩიქვინიძე | ||
| 260 | _aთბილისი | ||
| 260 | _bთბილ. უნ-ტის გამ-ბა | ||
| 260 | _c2003 | ||
| 300 | _a419 გვ. ; 26 სმ. | ||
| 300 | _eბიბლიოგრ.: გვ. 412. | ||
| 520 | _aრეზ. და პარალ. სათ. რუს. და გერმ. ენ. | ||
| 541 | _h15 ლ. | ||
| 653 | _aსაქართველოს ისტორია უძველესი დროიდან მე-4 საუკუნემდე | ||
| 653 | _aსაქართველოს ისტორიის სათავეებთან: პირველყოფილი ეპოქა | ||
| 942 | _cBK | ||
| 999 |
_c56703 _d56703 |
||